000 00603nam a2200181Ia 4500
008 100921s9999 xx 000 0 und d
082 _b23650
_a824 थ 37
100 _aHuxley Julian.
245 _aEssays In Popular Science.
260 _bपेंग्वीन बुक्स,ग्रेट ब्रिटन.
_c1937
300 _a256
_b---
365 _b0
520 _aललित इंग्रजी निबंध.
630 _aEssays In Popular Science.
650 _aललित इंग्रजी निबंध.
730 _aEssays In Popular Science.
942 _cBOOK
999 _c772763
_d772760